| 000 | 01087cam a2200337 a 4500 | ||
|---|---|---|---|
| 001 | 3262658 | ||
| 003 | OSt | ||
| 005 | 20260604175943.0 | ||
| 008 | 810929s1981 nyua b 001 0 eng | ||
| 010 | _a 81080036 | ||
| 020 | _a015517343X | ||
| 035 | _a3262658 | ||
| 040 |
_aDLC _cIRDP _dDLC |
||
| 043 | _an-us--- | ||
| 050 | 0 | 0 |
_aJK274 _b.C73 1981 |
| 082 | 0 | 0 |
_a321.8 CUM _219 |
| 100 | 1 | _aCUMMINGS, MILTON C. | |
| 245 | 1 | 0 |
_aDEMOCRACY UNDER PRSSURE _bAN ITRODUCTION TO THE AMERICAN POLITICAL SYSTEM _cMILTON C. CUMMINGS AND DAVID WISE |
| 250 | _a4th ed. | ||
| 260 |
_aNEW YORK: _bHARCOURT BRACE JOVANOVICH _cc1981. |
||
| 300 |
_a689 p. : _bill. (some col.) ; _c26 cm. |
||
| 336 |
_atext _btxt _2rdacontent |
||
| 337 |
_aunmediated _bn _2rdamedia |
||
| 338 |
_avolume _bnc _2rdacarrier |
||
| 504 | _aIncludes bibliographies and index. | ||
| 651 | 0 |
_aUnited States _xPolitics and government. |
|
| 700 | 1 |
_aWise, David, _d1930-2018. |
|
| 906 |
_a7 _bcbc _corignew _d2 _eopcn _f19 _gy-gencatlg |
||
| 942 |
_2ddc _cBOOKS |
||
| 999 |
_c9843 _d9843 |
||